Top 10 Città più popolose Provincia di Sassari - Statistics

Statistiche generali
  • Questo quiz è stato fatto 21 volte
  • Il punteggio medio è 6 su 10
Statistiche sulle risposte
Popolazione (ab.) Città % Corretto
121 657 Sassari
100%
42 352 Alghero
88%
60 385 Olbia
88%
21 224 Porto Torres
88%
14 383 Sorso
59%
9 857 Ozieri
53%
13 278 Tempio Pausania
53%
13 331 Arzachena
47%
8 069 Ittiri
35%
10 617 La Maddalena
35%
Nessun quiz corrispondente trovato
Distribuzione punteggi
Percentuale di utenti per punteggio
Percentile per numero di risposta
I tuoi punteggi nel tempo
Non hai fatto questo quiz